000 01190nam a22003377a 4500
003 CHAP
005 20220329134502.0
008 971013s1976 r 00010 d
010 _a21065
011 _a22037
035 _a26129
040 _cCHAP
090 _aTesis
100 0 0 _aCienfuegos Garza, José de Jesús.
_923241
245 _aEfecto de la densidad de plantas por hectárea sobre rendimiento en el cultivo del girasol (Helianthus annus L.) en la región de General Escobedo, Nuevo León
260 _aMonterrey, N.L. :
_bEl autor,
_c1976
300 _a47 h.
502 _aTesis (Ing. Agrónomo) -- Univ. Autónoma de Nuevo León. Fac. de Agronomía
590 _aALEPH
_b10
_c20130110
_lUCH01
_h1245
590 _aBATCH-UPD
_b10
_c20130110
_lUCH01
_h0341
590 _aBATCH-UPD
_b10
_c20130110
_lUCH01
_h2215
590 _aBATCH-UPD
_b10
_c20130410
_lUCH01
_h0014
590 _aBATCH-UPD
_b10
_c20130914
_lUCH01
_h0937
590 _aCONVERSION
_b10
_c20130109
_lUCH01
_h1313
650 1 4 _aGirasol.
_948126
650 1 4 _aGirasol
_xEspaciamiento.
_948145
650 1 4 _aGirasol
_xRendimiento.
_948171
901 _aBK
942 _cTESIS
949 _bBC
_cTES
_d-60331
_eTS1
_i26129
_si
999 _c21065
_d21065